al-Shaykh Ibrāhīm al-Ḥūrānī. (Record no. 45656)

MARC details
000 -LEADER
fixed length control field 00530cam a22002171 4500
001 - CONTROL NUMBER
control field ne 63000484
003 - CONTROL NUMBER IDENTIFIER
control field DLC
005 - DATE AND TIME OF LATEST TRANSACTION
control field 20260227111742.0
008 - FIXED-LENGTH DATA ELEMENTS--GENERAL INFORMATION
fixed length control field 881028s1961 xx 000 0bara
010 ## - LIBRARY OF CONGRESS CONTROL NUMBER
LC control number ne 63000484
035 ## - SYSTEM CONTROL NUMBER
System control number (OCoLC)23496268
040 ## - CATALOGING SOURCE
Original cataloging agency DLC
Transcribing agency MiU
Modifying agency DLC
042 ## - AUTHENTICATION CODE
Authentication code premarc
050 00 - LIBRARY OF CONGRESS CALL NUMBER
Classification number PJ7832.A9
Item number S5
100 1# - MAIN ENTRY--PERSONAL NAME
Personal name Yāzijī, Kamāl.
245 13 - TITLE STATEMENT
Title al-Shaykh Ibrāhīm al-Ḥūrānī.
260 ## - PUBLICATION, DISTRIBUTION, ETC.
Date of publication, distribution, etc. [1961]
300 ## - PHYSICAL DESCRIPTION
Extent 266 p.
Dimensions 24 cm.
500 ## - GENERAL NOTE
General note Romanized.
600 10 - SUBJECT ADDED ENTRY--PERSONAL NAME
Personal name Ḥūrānī, Ibrāhīm.

No items available.

Powered by Koha